El Bicentenario de la Independencia del Perú : (Record no. 22786)

000 -CABECERA
fixed length control field 01278nam a22003017i 4500
003 - IDENTIFICADOR DEL NÚMERO DE CONTROL
control field AR-CdUCM
008 - DATOS DE LONGITUD FIJA--INFORMACIÓN GENERAL
fixed length control field 240307b20212021pe ||||| |||| 00| 0 spa d
020 ## - NÚMERO INTERNACIONAL ESTÁNDAR DEL LIBRO
ISBN 978-612-4392-39-9
040 ## - FUENTE DE LA CATALOGACIÓN
Agencia/entidad que catalogó originalmente la obra MUNICIPALIDAD PROVINCIAL DEL CUSCO
Entidad que transcribió la catalogación BIBLIOTECA MUNICIPAL DEL CUSCO
082 ## - NÚMERO DE LA CLASIFICACIÓN DECIMAL DEWEY
No. de Clasificación 985.04 / P53
Notacion interna P53
100 ## - ENTRADA PRINCIPAL--NOMBRE DE PERSONA
Nombre Personal Piccone Camere, Carlos
245 ## - MENCIÓN DE TÍTULO
Título El Bicentenario de la Independencia del Perú :
Resto del título Génesis y desenlace del nacimiento de la república peruana /
260 ## - PUBLICACIÓN, DISTRIBUCIÓN, ETC.
Lugar de publicación, distribución, etc. Cusco :
Nombre de la editorial, distribuidor, etc. Universidad Andina del Cusco,
Fecha de publicación, distribución, etc. 2021
300 ## - DESCRIPCIÓN FÍSICA
Nº de Páginas Extensión 101 páginas. :
Dimensiones 23 cm.
500 ## - NOTA GENERAL
Bibliografía Bibliografía: páginas 85-101
505 ## - NOTA DE CONTENIDO CON FORMATO
Nota de contenido formateada Las independencias americanas -- Antecedentes coloniales -- La herencia colonial -- Contexto histórico -- El ocaso del Perú colonial-- De los corregimientos a las intendencias -- Premisas Historiográficas -- El virrey José de Abascal.
650 ## - PUNTO DE ACCESO ADICIONAL DE MATERIA--TÉRMINO DE MATERIA
Descriptor Independencias americanas
9 (RLIN) 49443
650 ## - PUNTO DE ACCESO ADICIONAL DE MATERIA--TÉRMINO DE MATERIA
Descriptor Orígenes
9 (RLIN) 23017
650 ## - PUNTO DE ACCESO ADICIONAL DE MATERIA--TÉRMINO DE MATERIA
Descriptor Época colonial
9 (RLIN) 49444
650 ## - PUNTO DE ACCESO ADICIONAL DE MATERIA--TÉRMINO DE MATERIA
Descriptor Sociedad colonial
9 (RLIN) 29669
650 ## - PUNTO DE ACCESO ADICIONAL DE MATERIA--TÉRMINO DE MATERIA
Descriptor La iglesia en el coloniaje
9 (RLIN) 49445
650 ## - PUNTO DE ACCESO ADICIONAL DE MATERIA--TÉRMINO DE MATERIA
Descriptor Independencia del Perú
9 (RLIN) 12556
650 ## - PUNTO DE ACCESO ADICIONAL DE MATERIA--TÉRMINO DE MATERIA
Descriptor Las Cortes de Cádiz
9 (RLIN) 49446
856 ## - LOCALIZACIÓN Y ACCESO ELECTRÓNICOS
Dirección electrónica www.uandina.edu.pe
942 ## - ELEMENTOS DE PUNTO DE ACCESO ADICIONAL (KOHA)
Fuente de clasificación
Tipo de item Libros-BMC
945 ## - PROCESAMIENTO DE INFORMACIÓN LOCAL (OCLC)
Catalogador pbj
AAAA-MM-DD - Fecha de ingreso o modificacion 07-03-2024
Holdings
Estado de retiro (separado) Fuente de clasificación o esquema de estanterías Estado dañado Ubicación Sala donde se ubica Nombre de la colección Fecha de adquisición o compra Fuente de adquisición Costo, precio normal en soles Signatura topográfica Código de Barras Última vez visto (Koha) Tipo de ítem (Koha)
No     Sala Humanidades Sala Humanidades Book Cart 2024-03-07 Depósito Legal 10.00 985.04 / P53 SH0000016606 2024-03-07 Libros-BMC

Powered by Koha